F5/EF5 Tornadoes on a Map - Statistics

General Stats
  • This quiz has been taken 142 times
    93 since last reset
  • The average score is 28 of 58
Answers on the Map
Answers color-coded by a green-red scale on the quiz's map according to % correct below.
 
Answer Stats
Date Answer % Correct
May 24th, 2011 El Reno
87%
May 22nd, 2011 Joplin
87%
May 3rd, 1999 Moore/Bridge Creek
87%
Xenia
87%
June 20th, 2025 Enderlin
85%
May 4th, 2007 Greensburg
85%
May 20th, 2013 Moore
85%
May 25th, 2008 Parkersburg
85%
May 27th, 1997 Jarrell
83%
Smithville
83%
Hackleburg/Phil Campbell
81%
April 27th, 2011 Philadelphia
72%
Rainsville
72%
May 11th, 1953 Waco
68%
April 4th, 1977 Birmingham
60%
April 8th, 1998 Birmingham
60%
June 20th, 1957 Fargo
60%
August 28th, 1990 Plainfield
60%
May 11th, 1970 Lubbock
55%
April 26th, 1991 Andover
53%
June 8th, 1953 Flint
53%
July 18th, 1996 Oakfield
49%
June 8th, 1966 Topeka
49%
April 3rd, 1964 Wichita Falls
49%
April 3rd, 1956 Grand Rapids
47%
May 20th, 1957 Ruskin Heights
47%
May 25th, 1955 Blackwell
43%
May 31st, 1985 Niles
43%
Tanner
43%
May 25th, 1955 Udall
43%
Guin
40%
March 3rd, 1966 Jackson
40%
December 5th, 1953 Vicksburg
40%
May 15th, 1968 Charles City
38%
May 29th, 1953 Fort Rice
38%
June 19th, 1976 Jordan
38%
June 27th, 1953 Adair
36%
June 4th, 1958 Colfax
36%
March 13th, 1990 Hesston/Goessel
36%
June 7th/8th, 1984 Barneveld
34%
June 16th, 1992 Chandler/Lake Wilson
34%
February 21st, 1971 Inverness
32%
December 18th, 1957 Sunfield
32%
May 5th, 1964 Bradshaw
30%
April 2nd, 1982 Broken Bow
30%
April 3rd, 1974 Depauw
30%
June 13th, 1968 Tracy
30%
Brandenburg
28%
May 15th, 1968 Oelwein
28%
April 16th, 1998 Lawrenceburg
26%
May 5th, 1960 Prague
26%
April 3rd, 1974 Sayler Park
26%
April 23rd, 1968 Wheelersburg
26%
April 19th, 1976 Brownwood
23%
October 14th, 1966 Belmond
21%
Mar 26th, 1976 Spiro
21%
May 6th, 1973 Valley Mills
21%
May 8th, 1965 Gregory
15%
No matching quizzes found
Score Distribution
Percent of People with Each Score
Percentile by Number Answered
Your Score History
You have not taken this quiz since the last reset